|
|
|
|
| LEADER |
00993cam a2200277 7i4500 |
| 001 |
0000034575 |
| 005 |
20181015090000.0 |
| 007 |
##ta |
| 008 |
170829s2017 |
| 040 |
# |
# |
|a MATR
|
| 090 |
0 |
0 |
|a KENA 647.95
|b TIS
|
| 245 |
0 |
0 |
|a TISSUE AND HYGIENE IN KENYA
|c Euromonitor International.
|
| 264 |
# |
1 |
|a London:
|b Euromonitor International,
|c 2017.
|
| 300 |
# |
# |
|a iii, 42 pages:
|b illustrations;
|c 30 cm.
|
| 336 |
# |
# |
|a text
|2 rdacontent
|
| 337 |
# |
# |
|a unmediated
|2 rdamedia
|
| 338 |
# |
# |
|a volume
|2 rdacarrier
|
| 490 |
0 |
# |
|a Market report - May 2017
|
| 650 |
# |
0 |
|a Tissue paper --
|x Markets --
|z Kenya
|
| 650 |
# |
0 |
|a Hygiene --
|x Markets --
|z Kenya
|
| 650 |
# |
0 |
|a Cotton wool --
|x Markets --
|z Kenya
|
| 650 |
# |
0 |
|a Cotton buds --
|x Markets --
|z Kenya
|
| 650 |
# |
0 |
|a Cotton pads --
|x Markets --
|z Kenya
|
| 650 |
# |
0 |
|a Incontimence, Urinary --
|x Markets --
|z Kenya
|
| 650 |
# |
0 |
|a Sanitary napkins --
|x Markets --
|z Kenya
|
| 999 |
|
|
|a B000039258
|b Book
|c Countries
|e Business Information Centre
|